000 00440nam a2200181Ia 4500
001 13284
005 20260306164749.0
008 260306t2009||||xx |||||||||||||| ||spa||
041 _aESP
082 _a001.42
_bI63I
100 _aMerlino, Aldo
_eAUT
245 0 _aInvestigación cualitativa en ciencias sociales
260 _c2009
300 _a236 pƔginas :
_c24 cm.
650 _aGEN
654 _aCHU
942 _cLIB
_dJUS
_fJUS
_2ddc
_n
999 _c13284
_d13284